| 000 | 01098nam a22003257a 4500 | ||
|---|---|---|---|
| 003 | CHAP | ||
| 005 | 20220329140259.0 | ||
| 008 | 971013s1976 r 00010 d | ||
| 010 | _a49700 | ||
| 011 | _a50672 | ||
| 035 | _a54822 | ||
| 040 | _cCHAP | ||
| 082 |
_a338.17475 _bF4 |
||
| 100 | 0 | 0 |
_aFeder, Ernest. _939911 |
| 245 |
_aStrawberry imperialism _b: an enquiry into the mechanismos of dependency in mexican agriculture |
||
| 260 |
_a(s.l.) : _b(s.e), _c(1976) |
||
| 300 |
_a152 p. _b: apénd. |
||
| 590 |
_aBATCH-UPD _b10 _c20130110 _lUCH01 _h0245 |
||
| 590 |
_aBATCH-UPD _b10 _c20130110 _lUCH01 _h2205 |
||
| 590 |
_aBATCH-UPD _b10 _c20130409 _lUCH01 _h2315 |
||
| 590 |
_aBATCH-UPD _b10 _c20130410 _lUCH01 _h1510 |
||
| 590 |
_aBATCH-UPD _b10 _c20130914 _lUCH01 _h1354 |
||
| 590 |
_aCONVERSION _b10 _c20130109 _lUCH01 _h1327 |
||
| 650 | 1 | 4 |
_aFresa _xAspectos económicos _xMéxico. _943190 |
| 650 | 1 | 4 |
_aFresa _xIndustria _xMéxico. _943215 |
| 650 | 1 | 4 |
_aFresa _xMercadeo _xMéxico. _943222 |
| 901 | _aBK | ||
| 942 | _cLIBRO | ||
| 949 |
_a338.17475 F4 _bBC _cLIBRO _d33724000154100 _eLIBRO _h48313 _i54822 _mD _si |
||
| 999 |
_c49700 _d49700 |
||